Nad monografiou o Matejovi Belovi

Bibliographic Details
Main Author: Kraus, Cyril, 1928-2012 (Author)
Format: Article
Language:Slovak
Subjects:

MARC

LEADER 00000nab a2200000 a 4500
001 vtls000791165
003 SK-MaSNL
005 20260304210621.0
008 140617c2002 xo 0 slo
015 |a SNBRB2002/04-13525 
035 |a CLN000142820 
040 |a SNKBUCL  |b slo  |c SNKBUCL  |e AACR2 
041 0 |a slo 
044 |a xo  |c SK 
080 |a 943.76-051"16/17"(048)  |2 1997 
080 |a 943.9-051"16/17"(048)  |2 1997 
100 1 |a Kraus, Cyril,  |d 1928-2012  |4 aut  |9 14532 
245 1 0 |a Nad monografiou o Matejovi Belovi  |c Cyril Kraus 
600 1 7 |a Bel, Matej,  |d 1684-1749  |2 snkbucl  |9 55205 
650 0 7 |a monografie  |2 snkbucl  |9 256509 
655 7 |a recenzie  |2 snkbucl  |9 21907 
655 7 |a články z novín a časopisov  |2 snkbucl  |9 267496 
773 0 |t Tvorba T  |g Roč. 12 (21), č. 1 (2002), s. 42-44 
787 0 8 |i Rec.:  |a Vyvíjalová, Mária, 1921-2004  |t Matej Bel a idea občianskej spoločnosti  |d Martin : Matica slovenská, 2001  |z 8070906278 
850 |a Slovenská národná knižnica v Martine 
852 |a SNK  |b KIS3GCP 
992 |a RBX 
999 |c 3126840  |d 3128770